书目信息 |
| 题名: |
线性模型引论
|
|
| 作者: | 王松桂 , 史建红 , 尹素菊 编著 | |
| 分册: | ||
| 出版信息: | 北京 科学出版社 2004.05 |
|
| 页数: | 293页 | |
| 开本: | 24cm | |
| 丛书名: | 大学教学科学丛书 | |
| 单 册: | ||
| 中图分类: | O212 | |
| 科图分类: | ||
| 主题词: | 线性模型--教材 | |
| 电子资源: | ||
| ISBN: | 7-03-012772-2 | |
| 000 | 00963nam2 2200289 45 | |
| 001 | 2034194940 | |
| 005 | 20201216093106.52 | |
| 010 | @a7-03-012772-2@dCNY78.00 | |
| 100 | @a20040713d2004 em y0chiy0121 ea | |
| 101 | 0 | @achi |
| 102 | @aCN@b110000 | |
| 105 | @aak z 000yy | |
| 200 | 1 | @a线性模型引论@Axian xing mo xing yin lun@f王松桂, 史建红, 尹素菊...等编著 |
| 210 | @a北京@c科学出版社@d2004.05 | |
| 215 | @a293页@c图, 表格@d24cm | |
| 225 | 2 | @a大学教学科学丛书@h3 |
| 314 | @a王松桂, 北京工业大学教授、博士生导师。 | |
| 320 | @a本书第288-293页附参考文献。 | |
| 330 | @a本书共分9章, 内容包括模型概论, 矩阵论的预备知识, 多元正态分布, 参数估计线性回归模型, 方差分析模型等。 | |
| 410 | 0 | @12001 @a大学教学科学丛书 |
| 606 | 0 | @a线性模型@j教材 |
| 690 | @aO212@v4 | |
| 701 | 0 | @a王松桂@Awang song gui@4编著 |
| 701 | 0 | @a史建红@Ashi jian hong@4编著 |
| 701 | 0 | @a尹素菊@Ayin su ju@4编著 |
| 801 | 0 | @aCN@bQSSK@c20050110 |
| 905 | @a10447@dO212@eW352 | |
| 线性模型引论/王松桂, 史建红, 尹素菊...等编著.-北京:科学出版社,2004.05 |
| 293页:图, 表格;24cm.-(大学教学科学丛书.3) |
| ISBN 7-03-012772-2:CNY78.00 |
| 本书共分9章, 内容包括模型概论, 矩阵论的预备知识, 多元正态分布, 参数估计线性回归模型, 方差分析模型等。 |
| ● |
| 相关链接 |
|
|
|
正题名:线性模型引论
索取号:O212/W352
 
预约/预借
| 序号 | 登录号 | 条形码 | 馆藏地/架位号 | 状态 | 备注 |
| 1 | 1498519 | 214985195 | 数理学院资料室/ [索取号:O212/W352] | 在馆 | |
| 2 | 1498520 | 214985202 | 数理学院资料室/ [索取号:O212/W352] | 在馆 | |
| 3 | 1498521 | 214985211 | 数理学院资料室/ [索取号:O212/W352] | 在馆 | |
| 4 | 1498522 | 214985220 | 数理学院资料室/ [索取号:O212/W352] | 在馆 | |
| 5 | 1498523 | 214985239 | 数理学院资料室/ [索取号:O212/W352] | 在馆 | |
| 6 | 1498524 | 214985248 | 数理学院资料室/ [索取号:O212/W352] | 在馆 | |
| 7 | 1498525 | 214985257 | 数理学院资料室/ [索取号:O212/W352] | 在馆 | |
| 8 | 1498526 | 214985266 | 数理学院资料室/ [索取号:O212/W352] | 在馆 | |
| 9 | 1498527 | 214985275 | 数理学院资料室/ [索取号:O212/W352] | 在馆 | |
| 10 | 1498528 | 214985284 | 数理学院资料室/ [索取号:O212/W352] | 在馆 |